MARC details
| 000 -LEADER |
| campo de control de longitud fija |
01702nam a2200385 i 4500 |
| 001 - NÚMERO DE CONTROL |
| campo de control |
195868 |
| 003 - IDENTIFICADOR DE NÚMERO DE CONTROL |
| campo de control |
ES-MaACL |
| 005 - FECHA Y HORA DE LA ÚLTIMA TRANSACCIÓN |
| campo de control |
20250813063345.0 |
| 008 - DATOS DE LONGITUD FIJA--INFORMACIÓN GENERAL |
| campo de control de longitud fija |
240727e2006 sp a |r 0|| 0dspa d |
| 017 ## - NÚMERO DE COPYRIGHT O DE DEPÓSITO LEGAL |
| Número de copyright o de depósito legal |
M 8643-2006 |
| Agencia que asigna |
Oficina Depósito Legal Madrid |
| 020 ## - NÚMERO INTERNACIONAL ESTÁNDAR DEL LIBRO |
| Número Internacional Estándar del Libro |
84-95011-96-4 |
| 040 ## - FUENTE DE CATALOGACIÓN |
| Centro catalogador/agencia de origen |
ICV |
| Centro/agencia modificador |
UNAV |
| Lengua de catalogación |
spa |
| Centro/agencia transcriptor |
ES-MaACL |
| 080 ## - NÚMERO DE LA CLASIFICACIÓN DECIMAL UNIVERSAL |
| Número de la Clasificación Decimal Universal |
73 Lio, Laura (083.824) |
| 080 ## - NÚMERO DE LA CLASIFICACIÓN DECIMAL UNIVERSAL |
| Número de la Clasificación Decimal Universal |
74 Lio, Laura (083.824) |
| 100 1# - ENTRADA PRINCIPAL--NOMBRE DE PERSONA |
| Nombre de persona |
Lio, Laura, |
| Fechas asociadas al nombre |
1967- |
| Término indicativo de función/relación |
Autor |
| 9 (RLIN) |
237624 |
| 245 10 - MENCIÓN DEL TÍTULO |
| Título |
Esculturas y dibujos = |
| Resto del título |
Sculptures and drawings : [del 2 de marzo al 2 de abril, 2006 = from march 2 to april 2, 2006] / |
| Mención de responsabilidad, etc. |
Laura Lio ; [con seis poemas de Roberto Juarroz = with six poems by Roberto Juarroz]. |
| 246 11 - FORMA VARIANTE DEL TITULO |
| Título propio/Titulo breve |
Sculptures and drawings |
| 260 ## - PUBLICACIÓN, DISTRIBUCIÓN, ETC. |
| Lugar de publicación, distribución, etc. |
Alcalá de Henares : |
| Nombre del editor, distribuidor, etc. |
Casa de la Entrevista, |
| Fecha de publicación, distribución, etc. |
[2006] |
| 300 ## - DESCRIPCIÓN FÍSICA |
| Extensión |
46 páginas : |
| Otras características físicas |
principalmente ilustraciones (blanco y negro y color) ; |
| Dimensiones |
26 cm |
| 336 ## - TIPO DE CONTENIDO |
| Fuente |
rdacontent |
| Término de tipo de contenido |
texto |
| 337 ## - TIPO DE MEDIO |
| Fuente |
rdamedia |
| Nombre/término del tipo de medio |
sin mediación |
| 338 ## - TIPO DE SOPORTE |
| Fuente |
rdacarrier |
| Nombre/término del tipo de soporte |
volumen |
| 546 ## - NOTA DE IDIOMA |
| Nota de lengua/lenguaje |
Texto en español e inglés |
| 585 ## - NOTA DE EXPOSICIONES |
| Nota de exposiciones |
Catálogo de la exposición organizada por la Fundación Colegio del Rey del Ayuntamiento de Alcalá de Henares, y celebrada en la Casa de la Entrevista |
| 600 1# - PUNTO DE ACCESO ADICIONAL DE MATERIA--NOMBRE DE PERSONA |
| Nombre de persona |
Lio, Laura, |
| Títulos y otros términos asociados al nombre |
1967- |
| Subdivisión de forma |
Exposiciones |
| 9 (RLIN) |
241739 |
| 655 #7 - TERMINO DE INDIZACIÓN--GENERO/FORMA |
| Datos o término principal de género/forma |
Catálogos de exposiciones |
| Fuente del término |
tgfbne |
| 9 (RLIN) |
193628 |
| 655 #7 - TERMINO DE INDIZACIÓN--GENERO/FORMA |
| Datos o término principal de género/forma |
Poesías |
| Fuente del término |
tgfbne |
| 9 (RLIN) |
176539 |
| 700 1# - ENTRADA AGREGADA--NOMBRE PERSONAL |
| Nombre de persona |
Juarroz, Roberto, |
| Fechas asociadas al nombre |
1925-1995 |
| Término indicativo de función/relación |
Colaborador |
| 9 (RLIN) |
67172 |
| 710 2# - ENTRADA AGREGADA--NOMBRE DE ENTIDAD CORPORATIVA |
| Nombre de entidad corporativa o nombre de jurisdicción como elemento de entrada |
Fundación Colegio del Rey |
| Término indicativo de función/relación |
entidad responsable |
| 9 (RLIN) |
4254 |
| 710 2# - ENTRADA AGREGADA--NOMBRE DE ENTIDAD CORPORATIVA |
| Nombre de entidad corporativa o nombre de jurisdicción como elemento de entrada |
Casa de la Entrevista |
| Término indicativo de función/relación |
Sede |
| -- |
Editor |
| 9 (RLIN) |
143924 |
| 852 ## - LOCALIZACIÓN |
| Ubicación |
ES-MaACL |
| Ubicación en estantería |
Depósito J |
| Número de control de estantería |
N-8983 |
| Encuadernación |
Cartoné |
| itemnumber |
204851 |
| 942 ## - ELEMENTOS DE ENTRADA SECUNDARIOS (KOHA) |
| Tipo de ítem Koha |
Libro impreso |
| Suprimir en OPAC |
No |